|
|
|
|
| LEADER |
00811nab#a2200301#ar4500 |
| 001 |
000040802 |
| 003 |
SVKKK |
| 005 |
00000000000000.0 |
| 008 |
c xo e sloo |
| FMT |
|
|
|
| 038 |
|
|
|a SVKKK
|
| 040 |
|
|
|a SVKKK
|b slo
|e AACR2
|
| 041 |
1 |
|
|a slo
|h HUN
|
| 044 |
|
|
|a xo
|c SK
|
| 080 |
|
|
|a 894.511(437.6
|2 1981
|
| 242 |
1 |
0 |
|a Dve otázky pre Gézu Horvátha
|
| 245 |
0 |
0 |
|a Két kérdés Horváth Gézához
|
| 650 |
0 |
4 |
|a matematika
|x recenzie
|
| 650 |
0 |
4 |
|a proces vyučovací
|
| 650 |
0 |
4 |
|a rozvoj kreativity
|
| 773 |
0 |
|
|t Katedra
|g Roč. 4, č. 9(1997), s. 19
|
| 787 |
0 |
8 |
|i Recenze na:
|a Horváth, Géza
|t Fejleszthet‹-e az alkotóképesség
|d Dunajská Streda : Lilium Aurum, 1997
|
| 958 |
|
|
|a PED
|
| 974 |
|
|
|d 971127
|a Fa
|
| 992 |
|
|
|a RBX
|
| BAS |
|
|
|
| 852 |
|
|
|a SVKKK
|b BIB
|
| 998 |
|
|
|a REG
|